| 000 | 00962nam a22002057a 4500 | ||
|---|---|---|---|
| 999 |
_c19065 _d19065 |
||
| 003 | AR-CdUCM | ||
| 008 | 190516b ||||| |||| 00| 0 spa d | ||
| 040 |
_aMUNICIPALIDAD PROVINCIAL DEL CUSCO _cBIBLIOTECA MUNICIPAL DEL CUSCO |
||
| 082 |
_a348.885 / _bZ47 |
||
| 100 |
_aZavaleta Cruzado, Roger E. _940154 |
||
| 245 | _aEl procedimiento laboral en el Perú / | ||
| 260 |
_aTrujillo : _bTall. Vilock, _c1973. |
||
| 300 |
_a223 páginas ; _c25 cm. |
||
| 505 | _aContenido: Ley orgánica des sector trabajo -- Normas de procedimiento para el trámite de denuncias -- Normas de procedimiento para el despido y reposición de trabajadores -- Normas de procedimiento para las visitas de inspección -- Normas de procedimiento para la imposición de multas por infracción de disposiciones laborales ... | ||
| 650 |
_aDerecho procesal del trabajo _99349 |
||
| 650 |
_aLegislación _92962 |
||
| 650 |
_aPerú _935 |
||
| 942 |
_2ddc _cLIBROS |
||
| 945 |
_aachl _d2019-05-16 |
||